| 000 | 00482nam a22001817a 4500 | ||
|---|---|---|---|
| 003 | LK-CoMWRAF | ||
| 005 | 20230922213736.0 | ||
| 008 | 230922b |||||||| |||| 00| 0 eng d | ||
| 040 |
_aLK-CoMWRAF _dLK-CoMWRAF _eLK-CoMWRAF |
||
| 041 | _aeng | ||
| 082 |
_a297.27 _bPAN |
||
| 100 | _aPanchadasi, Swami | ||
| 245 | _aClairvoyance and occult powers | ||
| 650 | _aReligion | ||
| 650 | _aBody, Mind & Spirit -- Mysticism | ||
| 650 | _aBody, Mind & Spirit -- Occultism | ||
| 942 | _cBK | ||
| 999 |
_c3617 _d3617 |
||